000 01700nam a22002657a 4500
999 _c21590
_d21590
003 AR-CdUCM
008 190312b ||||| |||| 00| 0 spa d
020 _a9786123180461
040 _aMUNICIPALIDAD PROVINCIAL DEL CUSCO
_cBIBLIOTECA MUNICIPAL DEL CUSCO
082 _a461/G21
_bG21
245 _aLa imaginación escrita :
_bmanual de técnicas de redacción expresiva /
_cMarco García Falcón, Ricardo Huamán Zúñiga, compiladores
260 _aLima :
_bUniversidad Peruana de Ciencias Aplicadas,
_c2016.
300 _a391, [3] páginas. :
_bilustraciones ;
_c24 cm.
500 _zBibliografía: p. 374-391
505 _aContenido: Referir y expresar las cosas: cómo transitar de lo referencial a lo expresivo / Raúl Montesinos Parrinello -- A primera vista: cómo crear títulos atractivos / Percy Galindo -- La plasticidad de las oraciones: cómo lograr un fraseo expresivo / John Valle Araujo -- Las pulsaciones del texto: cómo generar ritmo con palabras / Rommy Balabarca Fataccioli -- ¡Esa es la palabra!: cómo afinar el léxico / Gisela Salas Carrillo -- Adiós a lo literal. cómo construir figuras de expresión / Ricardo Huamán Zúñiga -- Dibujar y emocionar con las palabras: cómo describir / Martín Cervetto -- Urdir las tramas: cómo escribir una buena narración / Carlos Gallardo
650 _aLengua española
_91124
650 _aComunicación escrita
_939727
650 _aArte de escribir
_945454
650 _aCreación literaria
_96738
700 _aGarcía Falcón, Marco (compilador)
_945455
700 _aHuamán Zúñiga, Ricardo (compilador)
_945456
710 _aUniversidad Peruana de Ciencias Aplicadas
_945331
942 _2ddc
_cLIBROS
945 _aRoel